Statystyki dla Najwybitniejsi Sportowcy Wszech Czasów

Kliknij tutaj aby rozwiązać quiz!

Ogólne statystyki

  • Ten quiz został rozwiązany 3 060 razy
  • Średni wynik to 22 z 38

Statystyki odpowiedzi

% Poprawnych
Brazylijski były piłkarz, jedyny trzykrotny mistrz Świata w piłce nożnejPele
95%
Polski skoczek narciarski, odniósł zwycięstwa we wszystkich czterech konkursach Turnieju Czterech Skoczni podczas jednej edycjiKamil Stoch
94%
Kapitan FC Barcelony i swojej reprezentacjiLionel Messi
89%
Najszybszy człowiek na świecieUsain Bolt
87%
Polski skoczek narciarski, czterokrotnie wybierany najlepszym sportowcem PolskiAdam Małysz
85%
Strzelił pięć goli w ciągu dziewięciu minutRobert Lewandowski
83%
Portugalski piłkarz występujący na pozycji skrzydłowego lub napastnika we włoskim klubie Juventus, zdobywca 4 Złotych PiłekCristiano Ronaldo
82%
Polski kierowca wyścigowy i rajdowy, jako jedyny Polak w historii wywalczył pole positionRobert Kubica
78%
Amerykański koszykarz występujący na pozycji rzucającego obrońcy, sześciokrotny mistrz NBA, najlepszy koszykarz XX wiekuMichael Jordan
77%
Polski siatkarz grający na pozycji atakującego, złoty medalista Mistrzostw Świata 2018, a także MVP tego turnieju, najlepszy sportowiec Polski 2018Bartosz Kurek
76%
Najlepszy piłkarz XX wiekuDiego Maradona
74%
Polska biegaczka narciarska, mistrzyni i multimedalistka olimpijska "Królowa Nart"Justyna Kowalczyk
73%
Szwajcarski tenisista, wieloletni lider rankingu ATP, posiada 20 zwycięstw w Wielkich SzlemachRoger Federer
72%
Brytyjski kierowca wyścigowy, pięciokrotny mistrz świata Formuły 1 aktualnie jeżdżący dla MercedesaLewis Hamilton
71%
Amerykańska tenisistka, zdobywczyni 23 turniejów wielkoszlemowychSerena Williams
70%
Uważany jest za jednego z najlepszych polskich piłkarzy w historii, król strzelców Igrzysk Olimpijskich w Monachium w 1972, zginął w wypadku samochodowymKazimierz Deyna
68%
Hiszpański tenisista, nazywany "Królem Mączki"Rafael Nadal
68%
Jeden z najbardziej brutalnie walczących bokserów, znany jako "Iron Mike", zasłynął z nokautującego ciosuMike Tyson
66%
Amerykański pływak, 23-krotny mistrz olimpijski, 26-krotny mistrz świata, najbardziej utytułowany olimpijczyk w historiiMichael Phelps
65%
Siedmiokrotny mistrz świata Formuły 1, posiadacz większości rekordów w tej dyscyplinieMichael Schumacher
64%
Amerykański golfista, najlepiej opłacany sportowiec na świecie 2012, ostatnio po 14 latach przerwy wygrał najbardziej prestiżowy turniejTiger Woods
59%
Fiński skoczek narciarski, jedyny skoczek w historii, który wygrał pięć edycji Turnieju Czterech SkoczniJanne Ahonen
58%
Polski kolarz szosowy, mistrz świata, zwycięzca Tour de PologneMichał Kwiatkowski
56%
Polski lekkoatleta, chodziarz, czterokrotny mistrz olimpijski, najbardziej utytułowany polski sportowiec pod względem zdobytych tytułów mistrza olimpijskiegoRobert Korzeniowski
54%
Amerykański bokser, jako jedyny pięściarz w historii trzykrotnie zdobył tytuł mistrza świata wszechwag i skutecznie bronił go dziewiętnaście razyMuhammad Ali
50%
Polska lekkoatletka, należała do najbardziej utytułowanych polskich sportowców i najwybitniejszych lekkoatletek w historiiIrena Szewińska
49%
Norweska biegaczka narciarska, rekordzistka w liczbie zwycięstw oraz miejsc na podium w zawodach Pucharu ŚwiataMarit Bjorgen
40%
Były zawodowy kulturysta, zdobył tytuł Mr. Universe w wieku 20 lat, hollywoodzka ikona filmu akcjiArnold Schwarzenegger
39%
Angielski snookerzysta o pseudonimie "Rakieta", pięciokrotny mistrz świata, zdobywca najszybszego breaka maksymalnegoRonnie O Sullivan
37%
Amerykański bokser, były mistrz świata federacji WBC, WBA i WBO w wadze półśredniej, w 2015 walczył z Mannym Pacquiao w słynnym pojedynku stulecia w boksieFloyd Mayweather
36%
Francuski piłkarz ręczny, dwukrotny mistrz olimpijski 2008 i 2012, grający dla PSG HandballNikola Karabatic
30%
Ukraiński tyczkarz, 35-krotny rekordzista świata, najwybitniejszy zawodnik w historii skoku o tyczceSerhij Bubka
26%
Amerykańska narciarka alpejska, rekordzistka Pucharu Świata pod względem ogólnej liczby zwycięstwLindsey Vonn
23%
Francuski biathlonista, pięciokrotny mistrz olimpijski, siedmiokrotny zwycięzca klasyfikacji generalnej Pucharu ŚwiataMartin Fourcade
21%
Prawdopodobnie najbardziej rozpoznawalny duet w tenisie, wielokrotni mistrzowie wielkoszlemowiMike i Bob Bryan
16%
Amerykański lekkoatleta, sprinter i skoczek w dal, jeden z najbardziej utytułowanych zawodników w historii sportuCarl Lewis
10%
Kubański lekkoatleta specjalizujący się w skoku wzwyż, aktualny rekordzista świata w tej konkurencji i najlepszy skoczek w historiiJavier Sotomayor
10%
Kenijski lekkoatleta, trzykrotny medalista olimpijski, do niego należy rekord w maratonieEliud Kipchoge
9%

Rozkład punktacji

Percentyl według liczby udzielonych odpowiedzi

Procent ludzi z każdym wynikiem

Twoja historia wyników

Nie rozwiązałeś tego quizu